Роль правосознания и правовой культуры в преодолении правового нигилизма в современном российском обществе (вопросы теории и практики) (Запись № 9864891)

Подробности
000 -МАРКЕР
контрольное поле 01690nam0a2200313 4500
001 - ИДЕНТИФИКАТОР ЗАПИСИ
контрольное поле RU\NLR\BIBL_A\010013373
005 - ИДЕНТИФИКАТОР ВЕРСИИ
контрольное поле 20260405214112.0
010 ## - МЕЖДУНАРОДНЫЙ СТАНДАРТНЫЙ НОМЕР КНИГИ (ISBN)
Номер (ISBN) 5-7399-0197-9
Тираж 500
021 ## - НОМЕР ГОСУДАРСТВЕННОЙ РЕГИСТРАЦИИ
Код страны Российская Федерация
Номер 2013-91199
Номер Листа государственной регистраци 6311
035 ## - ДРУГИЕ СИСТЕМНЫЕ НОМЕРА
Идентификатор записи (NLR Aleph) 010013373
100 ## - ДАННЫЕ ОБЩЕЙ ОБРАБОТКИ
Данные общей обработки 20131211d2013 |||y0rusy50 ca
101 0# - ЯЗЫК РЕСУРСА
Язык текста, звукозаписи и т.д. русский
102 ## - СТРАНА ПУБЛИКАЦИИ ИЛИ ПРОИЗВОДСТВА
Страна публикации Российская Федерация
105 ## - ПОЛЕ КОДИРОВАННЫХ ДАННЫХ: ТЕКСТОВЫЕ МАТЕРИАЛЫ, МОНОГРАФИЧЕСКИЕ
Кодированные данные о монографическом текстовом документе y |||||||||
200 1# - ЗАГЛАВИЕ И СВЕДЕНИЯ ОБ ОТВЕТСТВЕННОСТИ
Основное заглавие Роль правосознания и правовой культуры в преодолении правового нигилизма в современном российском обществе (вопросы теории и практики)
Сведения, относящиеся к заглавию монография
Первые сведения об ответственности З.Н. Каландаришвили, Е.А. Зорина
210 ## - ПУБЛИКАЦИЯ, РАСПРОСТРАНЕНИЕ И ДР.
Место издания, распространения и т.д. Санкт-Петербург
Имя издателя, распространителя и т. д. Элмор
Дата издания, распространения и т.д. 2013
215 ## - ФИЗИЧЕСКАЯ ХАРАКТЕРИСТИКА
Специфическое обозначение материала и объем 142, [1] с.
Размеры 20
300 ## - ОБЩИЕ ПРИМЕЧАНИЯ
Текст примечания На обороте тит. л. авт.: к.ю.н., к.п.н, доц. З.Н. Каландаришвили и к.ю.н. Е.А. Зориной
320 ## - ПРИМЕЧАНИЯ О НАЛИЧИИ В ДОКУМЕНТЕ БИБЛИОГРАФИИ / УКАЗАТЕЛЯ
Текст примечания Библиогр. в конце кн. и в подстроч. примеч.
606 1# - НАИМЕНОВАНИЕ ТЕМЫ КАК ПРЕДМЕТ
Наименование темы Правосознание
Тематический подзаголовок Воспитание
Географический подзаголовок Российская Федерация
Системный номер авторитетной/нормативной записи 2097907
Идентификатор авторитетной/нормативной записи RU\NLR\AUTH\661269161
606 1# - НАИМЕНОВАНИЕ ТЕМЫ КАК ПРЕДМЕТ
Наименование темы Правовая культура
Географический подзаголовок Российская Федерация
Системный номер авторитетной/нормативной записи 2116179
Идентификатор авторитетной/нормативной записи RU\NLR\AUTH\661278402
686 1# - ИНДЕКСЫ ДРУГИХ КЛАССИФИКАЦИЙ
Индекс Х062.003
700 #1 - ИМЯ ЛИЦА - ПЕРВИЧНАЯ ОТВЕТСТВЕННОСТЬ
Графика поля Кириллица
Материалы, к которым относится поле rus
Начальный элемент ввода Каландаришвили
Часть имени, кроме начального элемента ввода З. Н.
Дополнения к именам, кроме дат канд. юрид. наук, канд. пед. наук
Расширение инициалов личного имени Зураб Нодарович
Системный номер авторитетной/нормативной записи 80005
Идентификатор авторитетной/нормативной записи RU\NLR\AUTH\7797079
701 #1 - ИМЯ ЛИЦА - АЛЬТЕРНАТИВНАЯ ОТВЕТСТВЕННОСТЬ
Начальный элемент ввода Зорина
Часть имени, кроме начального элемента ввода Е.А.
Расширение инициалов личного имени Елена Андреевна
942 ## - ДОПОЛНИТЕЛЬНЫЕ ЭЛЕМЕНТЫ ЗАПИСИ (АБИС)
Тип экземпляра АБИС Книга
980 ## - КОЛЛЕКЦИЯ
Название коллекции НБР
980 ## - КОЛЛЕКЦИЯ
Название коллекции Национальная библиография
Экземпляры
Тип экземпляра Дата поступления Источник поступления Стоимость Библиотека постоянного хранения Библиотека текущего хранения Место хранения Шифр хранения Штрих-код Статус экземпляра
Книга 11.12.2013 Дар 100.00 РНБ (Московский) РНБ (Московский) Русский книжный фонд: издания с 1957 года 2013-3/36900 1-23590  
Книга 26.12.2013 Дар 100.00 РНБ (Московский) РНБ (Московский) Русский книжный фонд: издания с 1957 года 2013-3/36900 1-10134  
Книга 26.12.2013 Дар 100.00 РНБ (Садовая) РНБ (Садовая) Фонд международного книгообмена   1-10135 Готов к отправке заказом МКО
Книга 25.11.2015 Дар 100.00 РНБ (Садовая) РНБ (Садовая) Фонд международного книгообмена   1-1218428